| 000 | 00555nam a2200205Ia 4500 | ||
|---|---|---|---|
| 005 | 20260429111919.0 | ||
| 008 | 260429s9999||||xx |||||||||||||| ||und|| | ||
| 020 | _a9781041203490 | ||
| 041 | _aEnglish | ||
| 082 |
_a001.42 _bWOO |
||
| 100 | _aWoods, Peter | ||
| 245 | 0 |
_aSuccessful writing for qualitative researchers / _cPeter Woods |
|
| 250 | _a3rd ed. | ||
| 260 |
_aUnited Kingdom : _bRoutledge, _c2022. |
||
| 300 | _axii, 178 p.; pbk | ||
| 650 | _a Qualitative research | ||
| 650 | _aResearch writing | ||
| 700 | _a Sikes, Pat | ||
| 942 | _cTB | ||
| 999 |
_c51400 _d51400 |
||